000 00446nam a2200157 i 4500
001 30979
003 ES-MaACL
005 20230906154302.0
007 t|
008 030128s1896 xxu ||||1| spa d
100 1 _aBatres Jáuregui, Antonio.
_926463
245 1 0 _aMemorias de antaño
_b: 1896 /
_cpor Antonio Batres Jáuregui.
260 _aSan Francisco :
_bPacífico Press,
_c1896.
300 _a286 p. ;
_c19 cm.
852 _aES-MaACL
_jC-2696
999 _c30979
_d30979